| 000 | 00710nam a2200217Ia 4500 | ||
|---|---|---|---|
| 003 | OSt | ||
| 005 | 20220925210401.0 | ||
| 006 | a|||||r|||| 00| 0 | ||
| 007 | ta | ||
| 008 | 220923b |||||||| |||| 00| 0 eng d | ||
| 037 | _cGeneral Book | ||
| 040 |
_aRTL _cRTL _beng |
||
| 041 |
_2eng _aeng |
||
| 082 | _aY:5.2sN71, L4.1-VII(i) | ||
| 100 | _aCENSUS OF India, 1971 | ||
| 245 | 0 |
_aPt. VII(i) , degree holders and technical personnel (special tables G-I-G-IV) _b India |
|
| 260 |
_aIndia _bGovt. press _c1971 |
||
| 490 | _vpt.VII (i) Degree holders and technical Personnel | ||
| 942 |
_hY:5.2sN71, L4.1-VII(i) _cGB _2CC |
||
| 999 |
_c554928 _d554928 |
||